000 04452cam a2200481 i 4500
001 on1402244137
003 OCoLC
005 20240620195749.0
006 m o d
007 cr |n|||||||||
008 231013s2023 xx o 0|| 0 eng d
040 _aYDX
_beng
_erda
_cYDX
_dJSTOR
_dEBLCP
_dN$T
_dOCLCO
_dOCLCF
_dUKKNU
_dOCLCO
_dUKAHL
_dSFB
_dOCLCQ
_dMEAUC
_dOCLCQ
_dZCU
_dOCLCQ
020 _a9780745349206
_q(electronic bk.)
020 _a074534920X
_q(electronic bk.)
020 _a9780745349190
_q(electronic bk.)
020 _a0745349196
_q(electronic bk.)
020 _z0745349218
020 _z9780745349213
035 _a(OCoLC)1402244137
_z(OCoLC)1402246405
_z(OCoLC)1402816425
_z(OCoLC)1411314204
_z(OCoLC)1414480965
037 _a22573/cats7562053
_bJSTOR
050 4 _aHD9502.A65
_bD57 2023eb
245 0 0 _aDismantling green colonialism :
_benergy and climate justice in the Arab region.
264 1 _a[S.l.] :
_bPluto Press,
_c2023.
300 _a1 online resource
336 _atext
_btxt
_2rdacontent
337 _acomputer
_bc
_2rdamedia
338 _aonline resource
_bcr
_2rdacarrier
505 0 _aCover -- Title -- Copyright -- Contents -- Tables and Figures -- Acknowledgements -- Abbreviations -- Introduction: Just in Time -- The Urgent Need for a Just Transition in the Arab Region -- North Africa and West Asia as a key node in global fossil capitalism -- The colonial gaze and environmental orientalism -- What is "just transition"? -- Why this book? Why now? -- Summary of the book's chapters -- In guise of a conclusion -- Part I: Energy colonialism, unequal exchange and green extractivism -- 1. The Energy Transition in North Africa: Neocolonialism Again!
505 8 _a"Green colonialism" and "green grabbing" -- Energy transition, dispossession and grabbing in Morocco -- Green colonialism and occupation in Western Sahara -- Which energy transition in Algeria? Drill baby drill! -- Privatization of energy for export -- Hydrogen: the new energy frontier in Africa -- Desertec 3.0 -- or jumping on the green hydrogen bandwagon -- Conclusion -- 2. An Unjust Transition: Energy, Colonialism and Extractivism in Occupied Western Sahara -- A brief history of the Western Sahara conflict -- Extractivism in occupied Western Sahara
505 8 _aPowering the occupation: how energy does diplomatic work for the Moroccan regime -- Powering oppression: Saharawi perspectives of the energy system in occupied Western Sahara -- What would a Saharawi-led "just transition" look like? Inspiration and questions from the camps -- Conclusion -- 3. Arab-Israeli Eco-Normalization: Greenwashing Settler Colonialism in Palestine and the Jawlan -- Eco-normalization projects -- Prosperity Blue: Israel quenches parched Jordan -- Eco-normalization: a violent onslaught on the Palestinians' right to self-determination
505 8 _aEco-sumud: A vision for a just transition in Palestine -- Conclusion -- 4. What Can an Old Mine Tell Us about a Just Energy Transition? Lessons from Social Mobilization across Mining and Renewable Energy in Morocco -- A just transition in Morocco -- Diverse forms of extraction in southeastern Morocco -- Similar actors and financial interests in conventional extraction and renewable energy -- Land conflict and resource politics in the legal and bureaucratic context -- Why taxes matter, or an argument for reparations
505 8 _aSocial mobilization and shared political claims across extraction and renewable energy -- Conclusion -- 5. Towards a Just Agricultural Transition in North Africa -- Agricultural policy transformations in North Africa -- Agroecological and regenerative agriculture as vehicles for a just transition in North Africa -- Conclusion -- 6. The Electricity Crisis in Sudan: Between Quick Fixes and Opportunities for a Sustainable Energy Transition -- The crisis -- Supply -- Consumption -- The World Bank report -- Conclusion
520 _aQuestioning energy transition in the Arab region using a climate justice lens.
590 _aJSTOR
_bBooks at JSTOR Open Access
650 0 _aEnergy policy
_zArab countries.
650 7 _aTechnology & Engineering / Power Resources / Alternative & Renewable.
_2bisacsh
650 7 _aNature / Environmental Conservation & Protection.
_2bisacsh
650 7 _aEnergy policy
_2fast
651 7 _aArab countries
_2fast
856 4 0 _uhttps://www.jstor.org/stable/10.2307/jj.7583922
942 _cE-BOOK
994 _a92
_bPHURS
999 _c80630
_d80629